| 000 | 00525cab a2200193 4500 | ||
|---|---|---|---|
| 001 | WB2316-28 | ||
| 008 | 090401t1990 xxu||||| |||| 00| 0 eng d | ||
| 035 | _a(Sirsi) u64026 | ||
| 041 | _aeng | ||
| 245 | _aUS property loans crisis | ||
| 260 | _c1990 | ||
| 350 | _a0 | ||
| 490 |
_aTimes _v26/3/90 p29, 26 |
||
| 520 | _aCommercial property prices in the US will continue to fall as banks are increasingly cautious to lend on property. | ||
| 650 | _aLENDING | ||
| 690 | _aOVERSEAS | ||
| 942 | _n0 | ||
| 948 | _c04/03/1997 | ||
| 999 |
_c39849 _d39849 |
||